Medzery vo vývoji hodnoty akcie

Kvantifikácia účtovnej a vnútornej hodnoty a trhovej ceny akcie a skúmanie ich vzájomného vzťahu. Odhaľovanie vzájomných disproporcií a vysvetľovanie príčin ich vzniku je predmetom tzv. gap analýzy - analýzy medzier vo vývoji hodnoty akcie. Vzájomný vzťah medzi vnútornou hodnotou akcie a jej trhovou...

Description complète

Enregistré dans:
Détails bibliographiques
Auteur principal: Markovič, Peter, 1974-
Format: Chapitre de livre
Langue:slovaque
Sujets:
Tags: Ajouter un tag
Pas de tags, Soyez le premier à ajouter un tag!

MARC

LEADER 00000naa$a2200000$$$4500
001 0106205
005 20240502072158.9
041 0 |a slo 
044 |a SK 
245 1 0 |a Medzery vo vývoji hodnoty akcie  |c Peter Markovič 
520 |a Kvantifikácia účtovnej a vnútornej hodnoty a trhovej ceny akcie a skúmanie ich vzájomného vzťahu. Odhaľovanie vzájomných disproporcií a vysvetľovanie príčin ich vzniku je predmetom tzv. gap analýzy - analýzy medzier vo vývoji hodnoty akcie. Vzájomný vzťah medzi vnútornou hodnotou akcie a jej trhovou cenou ako medzera č. 1. Vzájomný vzťah medzi trhovou cenou akcie a jej účtovnou hodnotou ako medzera č. 2. 
610 2 0 |a akcie 
610 2 0 |a hodnota 
610 2 0 |a ceny trhové 
610 2 0 |a trh finančný 
610 2 0 |a hodnota pridaná 
610 2 0 |a investori 
100 1 |a Markovič, Peter, 1974-